000 01039nas a2200337 4500
001 BR2012008718
003 BR-BrBNA
005 20231205121449.0
007 ta
008 230509b bl.|||p| |||| 00| 00por d
040 _aBR-BrBNA
_bpor
_cBiblioteca Nacional de Agricultura
041 _a(En)
072 _aL40
100 1 _aRodrigues, G.C.
100 1 _aOliveira, L.J.
100 1 _aMonteiro, J.M.
100 1 _aLima, A.R. de
100 1 _aGonçalez, P.O.
100 1 _aHernandez-Blasquez, F.J.
100 1 _aLeiser, R.
100 1 _aKfoury Júnior, J.R.
245 1 _aUltrastructural characterization of bovine umbilical cord blood cells
246 1 _aUltrastructural characterization of bovine umbilical cord blood cells
650 _aBOVINO
650 _aMORFOLOGIA ANIMAL
650 _aCÉLULA
650 _aSANGUE
773 0 _tPesquisa Veterinária Brasileira (Brazil)
_xISSN 0100-736X
_g(Oct 2010), v. 30(10) p. 897-902
_wBR2012008718
909 _a202311
_bLúcia
_c55
_dLúcia Elande
942 _2AGRIS
_n0
_cANA
999 _c223694
_d223694